Largest Cities in Europe A-Z - Statistics

General Stats
  • This quiz has been taken 1,473 times
    1,406 since last reset
  • The average score is 37 of 78
Answer Stats
Hint Population Answer % Correct
B 4,850,000 Berlin
96%
L 14,900,000 London
95%
M 19,100,000 Moscow
94%
P 11,500,000 Paris
93%
A 2,525,000 Amsterdam
92%
B 4,875,000 Barcelona
92%
A 3,575,000 Athens
90%
M 6,650,000 Madrid
90%
W 2,500,000 Warsaw
89%
O 1,260,000 Oslo
87%
M 6,100,000 Milan
86%
R 3,425,000 Rome
86%
D 1,530,000 Dublin
84%
L 2,500,000 Lisbon
84%
K 3,475,000 Kiev
83%
S 6,500,000 Saint Petersburg
83%
S 2,275,000 Stockholm
83%
C 1,770,000 Copenhagen
82%
F 3,300,000 Frankfurt am Main
81%
N 4,050,000 Naples
81%
V 2,350,000 Vienna
81%
H 1,530,000 Helsinki
80%
C 5,000,000 Cologne - Dusseldorf
79%
Z 1,490,000 Zurich
79%
B 3,250,000 Birmingham
78%
H 2,925,000 Hamburg
78%
E 819,720 Edinburgh
74%
G 1,700,000 Glasgow
73%
P 1,470,000 Prague
69%
T 1,580,000 Turin
69%
R 3,400,000 Rotterdam
68%
P 1,550,000 Porto
64%
V 1,920,000 Valencia
61%
A 1,240,000 Antwerp
55%
L 2,225,000 Leeds
53%
F 363,837 Florence
52%
G 628,343 Geneva
52%
K 1,600,000 Kharkiv
46%
S 2,400,000 Stuttgart
45%
O 1,100,000 Odessa
42%
T 802,392 Thessaloniki
41%
E 571,039 Essen
40%
G 561,947 Genoa
37%
N 1,470,000 Newcastle
36%
W 673,743 Wroclaw
36%
H 1,150,000 Hanover
35%
N 1,660,000 Nizhny Novgorod
35%
Z 736,649 Zaragoza
35%
T 1,130,000 Toulouse
34%
D 1,410,000 Donetsk
33%
U 396,315 Utrecht
33%
U 1,230,000 Ufa
30%
K 2,225,000 Katowice
26%
R 1,410,000 Rostov-on-Don
26%
D 1,330,000 Dnipro
25%
Y 189,367 York
20%
E 320,365 Eindhoven
19%
Q 76,408 Quimper
18%
V 1,170,000 Voronezh
16%
J 214,294 Jerez de la Frontera
14%
J 110,600 Jena
13%
C 714,377 Coventry - Nuneaton
10%
Z 710,052 Zaporizhia
10%
F 354,500 Freiburg im Breisgau
9%
O 543,654 Orenburg
8%
U 617,352 Ulyanovsk
8%
Y 577,279 Yaroslavl
8%
I 271,692 Iași
7%
W 859,500 Wuppertal
7%
X 12,700 Xanten
7%
X 58,749 Xanthi
7%
I 623,472 Izhevsk
5%
I 361,644 Ivanovo
4%
J 132,962 Jyväskylä
4%
X 35,487 Xàtiva
2%
Q 18,099 Qormi
1%
Q 24,420 Quarteira
1%
Y 281,248 Yoshkar-Ola
1%
No matching quizzes found
Score Distribution
Percent of People with Each Score
Percentile by Number Answered
Your Score History
You have not taken this quiz since the last reset